| 000 | 00857nam a22002177a 4500 | ||
|---|---|---|---|
| 999 |
_c5185 _d5185 |
||
| 003 | AR-CdUCM | ||
| 008 | 190312b ||||| |||| 00| 0 spa d | ||
| 040 |
_aMUNICIPALIDAD PROVINCIAL DEL CUSCO _cBIBLIOTECA MUNICIPAL DEL CUSCO |
||
| 082 |
_a759.985 / _bN94 |
||
| 100 |
_aNúñez Ureta, Teodoro _915734 |
||
| 245 |
_aTeodoro Núñez Ureta : _bpintura mural / |
||
| 260 |
_aLima : _bFondo del libro, _c1989. |
||
| 300 |
_a151 páginas ; _bIlustraciones en color. _c31 cm. |
||
| 505 | _aTeodoro Nuñez Ureta y su arte muralístico -- El arte y la vida -- Obra mural en Arequipa -- Obra mural en Lima -- Obra mural en Tarma -- Bocetos, dibujos, cartones... | ||
| 650 |
_aPintura peruana _915735 |
||
| 650 |
_aPintura mural _97581 |
||
| 650 |
_aArte _9561 |
||
| 700 |
_aEstudio y comentarios Luis Enrique Tord _915736 |
||
| 942 |
_2ddc _cLIBROS |
||
| 945 | _admma | ||